000 00792nam a2200193 4500
008 041130s1974 mau b 001 0 eng
020 _a0674601254 :USD17.43
090 _aDS685
_bSt2n
100 1 _aStanley, Peter W.
245 1 2 _aA Nation in the making :
_bthe Philippines and the United States, 1899-1921 /
_c[by] Peter W. Stanley.
260 _aCambridge, Mass. :
_bHarvard University Press,
_c1974.
300 _aix, 340 p.
_c25 cm.
490 1 _aHarvard studies in American-East Asian relations,
_v4
504 _aBibliography: p. 316-326.
651 4 _aPhilippines
_xForeign relations
_zUnited States.
651 4 _aPhilippines
_xHistory
_y1898-1946.
651 4 _aUnited States
_xForeign relations
_zPhilippines.
951 _p27936
_x00029074
_oDS685/St2n
_j070613111429796
_d2000-12-21
_cFIL
999 _c21976
_d21976